000 00869cab a2200265 4500
001 ABS59520
008 090401t1998 xxu||||| |||| 00| 0 eng d
035 _a(Sirsi) u89429
041 _aeng
100 _aMinton, A.
245 _aPrescott closes the door
260 _c1998
350 _a0
490 _aEstates Gazette
_v(9843) 24 October 1998, 58-59(2)
520 _aClaims that restrictive government planning policy on out-of-town development is spreading to all areas, especially affecting retail schemes.
650 _aFOODSTORES
650 _aOUT-OF-TOWN DEVELOPMENT
650 _aPLANNING APPLICATIONS
650 _aPLANNING POLICY
650 _aPLANNING POLICY GUIDANCE NOTE SIX
650 _aPROPERTY-COMMERCIAL PROPERTY-RETAIL PROPERTY-RETAIL PROPERTY MARKET
690 _aPLANNING LAW AND PRACTICE
942 _n0
948 _c03/11/1998
999 _c56573
_d56573